Montreal Canadiens draft picks with over 200 games since 2010 - Statistiques

Statistiques générales
  • Ce quiz a été pris 9 fois
  • Le résultat moyen est 5 sur 15
Statistiques - réponses
Hint Réponse % Correct
2010 Brendan Gallagher
100%
2019 Cole Caufield
71%
2018 Jesperi Kotkaniemi
57%
2012 Alex Galchenyuk
43%
2016 Mikhail Sergachev
43%
2014 Jake Evans
29%
2010 Jarred Tinordi
29%
2011 Nathan Beaulieu
29%
2016 Victor Mete
29%
2018 Alexander Romanov
14%
2013 Artturi Lehkonen
14%
2013 Michael McCarron
14%
2017 Ryan Poehling
14%
2013 Jacob De La Rose
0%
2013 Sven Andrighetto
0%
Aucun quiz correspondant
Distribution des résultats
% des personnes avec chaque résultat
Percentile par nombre de réponses
Votre historique - résultats
Vous n’avez pas pris ce quiz